| 000 | 00693nam a2200229Ii 4500 | ||
|---|---|---|---|
| 003 | JO-AjNU | ||
| 008 | 230605s9999||||xx |||||||||||||| ||und|| | ||
| 017 | _a1988/1869 | ||
| 020 | _a977-02-23867 | ||
| 040 |
_aJO-AjNU _bara _erda _cJO-AjNU |
||
| 041 | _aara | ||
| 050 | 1 | 4 | _aPR4483.B3 1988 |
| 100 | 3 |
_aبدوي، محمد مصطفى , _eauthor _961964 |
|
| 245 | 0 | 0 | _aكولدرج |
| 264 | 3 | 1 | _aالقاهرة: دار المعارف، 1988 |
| 300 | _a208ص | ||
| 336 |
_atext _btxt _2rdacontent |
||
| 337 |
_aunmediated _bn _2rdamedia |
||
| 338 |
_avolume _bnc _2rdacarrier |
||
| 490 | 0 | _aنوابغ الفكر الغربي15 | |
| 650 | 4 |
_aالشعر الانجليز-تراجم _961965 |
|
| 999 |
_aA28035 _c31603 _d31603 |
||